Counselling young people : (Record no. 366767)
[ view plain ]
| 000 -LEADER | |
|---|---|
| fixed length control field | 01867nam a22002057a 4500 |
| 003 - CONTROL NUMBER IDENTIFIER | |
| control field | 0 |
| 005 - DATE AND TIME OF LATEST TRANSACTION | |
| control field | 20241119133718.0 |
| 008 - FIXED-LENGTH DATA ELEMENTS--GENERAL INFORMATION | |
| fixed length control field | 241119b xxu||||| |||| 00| 0 eng d |
| 020 ## - INTERNATIONAL STANDARD BOOK NUMBER | |
| International Standard Book Number | 9781032348087 |
| 050 ## - LIBRARY OF CONGRESS CALL NUMBER | |
| Classification number | HQ 796 |
| Item number | .P67 2024 |
| 100 ## - MAIN ENTRY--PERSONAL NAME | |
| Personal name | Porter, Louise, |
| Relator term | author. |
| 245 ## - TITLE STATEMENT | |
| Title | Counselling young people : |
| Remainder of title | a handbook for trainees and practitioners / |
| Statement of responsibility, etc | Louise Porter. |
| 260 ## - PUBLICATION, DISTRIBUTION, ETC. (IMPRINT) | |
| Place of publication, distribution, etc | New York, NY : |
| Name of publisher, distributor, etc | Routledge, |
| Date of publication, distribution, etc | c2024. |
| 300 ## - PHYSICAL DESCRIPTION | |
| Extent | xiii, 377 p. : |
| Other physical details | ill. ; |
| Dimensions | 25 cm. |
| 504 ## - BIBLIOGRAPHY, ETC. NOTE | |
| Bibliography, etc | Includes bibliographical references and index. |
| 520 ## - SUMMARY, ETC. | |
| Summary, etc | "Practical and clearly written, this new book from best-selling author Louise Porter equips mental health professionals with the knowledge and skills they need to provide insightful guidance and support to children and adolescents. The book introduces exciting new models for thinking about young people's needs, self-esteem and resilience that will invigorate counselling. It outlines the most common presenting difficulties for young people and provides clear, practical guidance on how professionals in a counselling environment can respond to these in an effective way. Offering a coherent blend of theories and practices, chapters address a wide range of emotional, social, behavioural and learning difficulties with which young people may present to counselling, such as experiences of grief and loss, anxiety and depression, disordered eating, and dealing with adversity. With an aim to empower, the book presents a non-pathologising approach to counselling that respects the skills that young people bring to working through their challenges. Accessible for professionals and trainees alike, this book is a must-have for anyone working in a counselling capacity with children and adolescents"--Provided by publisher. |
| 650 ## - SUBJECT ADDED ENTRY--TOPICAL TERM | |
| Topical term or geographic name as entry element | Youth |
| Form subdivision | Counseling of. |
| 650 ## - SUBJECT ADDED ENTRY--TOPICAL TERM | |
| Topical term or geographic name as entry element | Counselors |
| Form subdivision | Training of. |
| 942 ## - ADDED ENTRY ELEMENTS (KOHA) | |
| Source of classification or shelving scheme | Library of Congress Classification |
| Koha item type | Books |
| Withdrawn status | Lost status | Source of classification or shelving scheme | Damaged status | Home library | Current library | Shelving location | Date acquired | Source of acquisition | Sub Shelving location | Total Checkouts | Full call number | Barcode | Date last seen | Price effective from | Koha item type |
|---|---|---|---|---|---|---|---|---|---|---|---|---|---|---|---|
| Library of Congress Classification | College Library | College Library | Reserve Section | 11/19/2024 | Library Fund | HQ 796 .P67 2024 | C24015 | 11/19/2024 | 11/19/2024 | Books |